| 000 | 00628nam a2200217 u 4500 | ||
|---|---|---|---|
| 005 | 20210223131751.0 | ||
| 008 | 120621s2010 es r 000 0 spa d | ||
| 020 | _a9788484526544 | ||
| 035 | _aUPN01000185267 | ||
| 049 | _aCG | ||
| 050 | 4 |
_aPR9387.9 A4.6 _bA6.7 |
|
| 100 | 1 |
_aAkpan, Uwem, _d1971- _932300 |
|
| 245 | 1 | 0 |
_aAntes de ir a Gabón / _cUwem Akpan ; tr. Jacobo García Cicerón. |
| 260 |
_aMadrid : _bIntermón Oxfam, _c2010. |
||
| 300 | _a139 p. | ||
| 440 | 0 |
_aNadhari joven ; _v4 |
|
| 534 |
_pTítulo orignal: _tFattening for Gabón |
||
| 650 | 4 |
_aNOVELA NIGERIANA _920903 |
|
| 905 | _aLibro | ||
| 999 |
_c157370 _d157370 |
||